Statistiche per Elenca la formazione - Quiz n°92

Clicka qui per fare il quiz!

Statistiche generali

  • Questo quiz è stato fatto 20 volte
  • Il punteggio medio è 9 su 11

Statistiche sulle risposte

RuoloNazioneCalciatore% Corretto
PortiereInghilterraAaron Ramsdale
100%
CentrocampistaSvizzeraGranit Xhaka
95%
AttaccanteGabonPierre-Emerick Aubameyang[
95%
DifensoreBrasileGabriel
89%
CentrocampistaNorvegiaMartin Ødegaard
89%
CentrocampistaGhanaThomas Partey
89%
CentrocampistaInghilterraBukayo Saka
84%
DifensoreGiapponeTakehiro Tomiyasu
84%
DifensoreScoziaKieran Tierney
79%
DifensoreInghilterraBen White
63%
AttaccanteInghilterraEmile Smith Rowe
21%

Distribuzione punteggi

Percentile per numero di risposta

Percentuale di utenti per punteggio

I tuoi punteggi nel tempo

Non hai fatto questo quiz